Statistics for Camouflaged Countries #4

Click here to take the quiz!

General Stats

  • This quiz has been taken 53 times
  • The average score is 8 of 10

Answer Stats

HintAnswer% Correct
With his hacking, noisier rale, one boy sufferedSierra Leone
87%
They performed with flair, elan, dash and verveIreland
82%
Who is this wiseguy analysing a math formula?Guyana
82%
I watched Grandma lay Siamese cats on the bedMalaysia
79%
Haha, gotcha, I tied your shoelaces together!Haiti
76%
The busy Rialto area of Venice teems with lifeSyria
76%
In my stomach, the taste of the tiramisu dancesSudan
76%
Large or giant, these tomatoes are all winnersGeorgia
76%
She showed the baronet her landscaping skillsNetherlands
74%
They liked performing Much ado about NothingChad
66%

Score Distribution

Percentile by Number Answered

Percent of People with Each Score

Your Score History

You have not taken this quiz